000 00943nam a22002297a 4500
005 20250618121604.0
008 250604b ||||| |||| 00| 0 spa d
082 _214
_a335.4
100 1 _aMarx​​, Karl (1818 -1883)
_99069
245 1 3 _aLa ideología alemana :
_bcrítica de la novísima filosofía alemana en las personas de sus representantes Feuerbach, B. Bauer y Stirner, y del socialismo alemán en las de sus diferentes profetas /
_cKarl Marx y Fiedrich Engels
260 _aBuenos Aires:
_bPueblos Unidos,
_bCartago,
_c1985
300 _a746 p.
600 1 0 _921535
_aFeuerbach, Ludwig
_d1804-1872
600 1 0 _921536
_aBauer, B.
600 1 0 _921537
_aStirner, Max
_d1806-1856
650 2 7 _aMARXISMO
_2unescot
650 2 7 _aSOCIALISMO
_2unescot
_91380
651 2 7 _2unescot
_96176
_aALEMANIA
700 1 _aEngels, Federico
_93751
_d1820-1895
942 _2ddc
_cLIBRO
980 _619226
_a Palazón Marcela I.
_819226
_g Palazón Marcela I.
999 _c10965
_d10965